Prudentia iuris: (Registro nro. 12192)

Detalles MARC
000 -Cabecera
Campo de control interno 00631nam a2200181Ia 4500
005 - Fecha y hora del registro
control field 20260306162923.0
008 - Elementos de Longitud Fija
fixed length control field 260306t2020||||xx |||||||||||||| ||spa||
041 ## - Idioma
Codigo Idioma ESP
082 ## - DEWEY y NOTACIÓN INTERNA
Dewey HR 340
Notación Interna OCT 2020 PI.2
110 ## - AUTOR INSTTITUCIONAL
Autor Institucional Pontificia Universidad Católica Argentina Santa María de los Buenos Aires. Facultad de Derecho y Ciencias Políticas
245 #0 - TÍTULO DE MATERIAL BIBLIOGRÁFICO
Título Prudentia iuris:
Título paralelo revista de la Facultad de Derecho de la Pontificia Universidad Católica Argentina "Santa María de los Buenos Aires"
260 ## - CIUDAD, EDITORIAL, AÑO
Año 2020
300 ## - DESCRIPCIÓN
N° Páginas págs. :
Dimensiones 23 cm.
650 ## - TEMAS
Temas Generalidades
654 ## - PROGRAMAS
Programa Dpto. de Derecho y Ciencia Política
942 ## - ELEMENTOS DE KOHA
Tipo de documento Revista
Nombre del creador Justo Noguera
Código de catalogador Justo Noguera
Esquema de clasificación Dewey Decimal Classification
Suppress in OPAC
Existencias
Codigo completo Registro Colección Copia número Disponibilidad Tipo de préstamo Biblioteca Actual Procedencia (Biblioteca) Ubicacón Fecha Ingreso Tipo de Adquisición Date last seen Total checkouts Price effective from Tipo de Item Estado del Material Fuente de Clasificación Damaged status Withdrawn status
HR 340 OCT 2020 PI.2 1074081 Universidad Católica San Pablo 1 Disponible Disponible Víctor Andrés Belaunde Víctor Andrés Belaunde Planta baja abierta 03/06/2026 Donación 06/03/2026   06/03/2026 Revista Bueno Dewey Decimal Classification